Mapa litológico de Madrid [ (Record no. 33206)

MARC details
000 -LEADER
campo de control de longitud fija 01472nem a2200241 i 4500
001 - NÚMERO DE CONTROL
campo de control 33206
003 - IDENTIFICADOR DE NÚMERO DE CONTROL
campo de control ES-MaACL
005 - FECHA Y HORA DE LA ÚLTIMA TRANSACCIÓN
campo de control 20230906154721.0
007 - CAMPO FIJO DE DESCRIPCIÓN FÍSICA--INFORMACIÓN GENERAL
campo de control de longitud fija t|
008 - DATOS DE LONGITUD FIJA--INFORMACIÓN GENERAL
campo de control de longitud fija 160830s1986 sp | |0|1||spa d
245 00 - MENCIÓN DEL TÍTULO
Título Mapa litológico de Madrid [
Medio Material cartográfico] /
Mención de responsabilidad, etc. autores, Alfonso González Ubanell, Javier de Pedraza Gilsanz, Juan de Dios Centeno Carrillo y Santiago González Alonso; colaboradores, Pilar Carretero Carrero ... [et al.] ; cartografía, Rhea Consultores.
255 ## - DATOS MATEMÁTICOS CARTOGRÁFICOS
Mención de escala Escala 1:200000 ;
Mención de proyección proyec. U.T.M. (Huso 30), elipsoide internacional, Datum europeo.
260 ## - PUBLICACIÓN, DISTRIBUCIÓN, ETC.
Lugar de publicación, distribución, etc. Madrid :
Nombre del editor, distribuidor, etc. Comunidad, Consejería de Agricultura y Ganadería,
Fecha de publicación, distribución, etc. 1986.
300 ## - DESCRIPCIÓN FÍSICA
Extensión 1 mapa :
Otras características físicas col. ;
Dimensiones 79 x 74 cm +
Material acompañante/anejo 1 memoria (48 p.)
500 ## - NOTA GENERAL
Nota general Este mapa es una síntesis de los mapas a escala 1:50.000 elaborados como parte del trabajo "Diseño metodológico, codificación y mapas temáticos de Madrid", realizado para la Comunidad de Madrid durante los años 1982 a 1984.
592 ## -
-- Márgenes graduados. - Relieve por curvas de nivel, equidistancia de las curvas 100 metros. - Altitudes referidas al nivel medio del Mediterráneo en Alicante.
594 ## - Nota al título y mención de responsabilidad
Nota al título y mención de responsabilidad Base geográfica, Instituto Geográfico Nacional.
650 #4 - PUNTO DE ACCESO ADICIONAL DE MATERIA--TÉRMINO DE MATERIA
Término de materia o nombre geográfico como elemento de entrada Rocas-
Subdivisión geográfica Madrid (Comunidad Autónoma)-
Subdivisión de forma Mapas.
9 (RLIN) 160621
700 0# - ENTRADA AGREGADA--NOMBRE PERSONAL
Nombre de persona González Ubanell, Alfonso.
9 (RLIN) 58992
700 0# - ENTRADA AGREGADA--NOMBRE PERSONAL
Nombre de persona Pedraza, Javier.
9 (RLIN) 89886
700 1# - ENTRADA AGREGADA--NOMBRE PERSONAL
Nombre de persona Centeno Carrillo, Juan de Dios.
9 (RLIN) 160622
852 ## - LOCALIZACIÓN
Ubicación ES-MaACL
Número de control de estantería 2138-F-12
Holdings
Estatus retirado Estado de pérdida Estado de daño No para préstamo Colección Biblioteca de origen Biblioteca actual Ubicación en estantería Fecha de adquisición Fuente de adquisición Total de préstamos Signatura topográfica completa Código de barras Visto por última vez Precio de reemplazo Tipo de ítem Koha
        Colección de folletos Biblioteca del Ateneo de Madrid Biblioteca del Ateneo de Madrid Depósito folletos 30/08/2016     2138-F-12 1196040 23/02/2023 23/02/2023 Folleto